|
|
|
|
| LEADER |
01945nam a2200385 a 4500 |
| 001 |
GR-Patra4117 |
| 008 |
991022s gr 000 0 gre d |
| 040 |
|
|
|a GrPaTEI
|b gre
|c GR-PaULI
|
| 245 |
0 |
0 |
|a Υπογεννητικότητα στην Ελλάδα :
|b μέσα-αίτια που συντελούν στην ανάπτυξη του προβλήματος: οικονομικές- κοινωνικές-εθνικές επιπτώσεις και ο ρόλος του νοσηλευτή στην αντιμετώπιση του καυτού προβλήματος της εποχής μας.
|
| 300 |
|
|
|a 130σ. :
|b διαγρ., εικ.
|
| 500 |
|
|
|a Βιβλιογραφία: σ.126-130. -- Πτυχιακή εργασία
|
| 650 |
|
4 |
|a ΑΜΒΛΩΣΕΙΣ
|
| 650 |
|
4 |
|a ΑΝΤΙΣΥΛΛΗΨΗ
|
| 650 |
|
4 |
|a ΕΘΝΙΚΗ ΕΠΙΠΤΩΣΗ
|
| 650 |
|
4 |
|a Ελλάδα
|
| 650 |
|
4 |
|a ΕΝΗΜΕΡΩΣΗ
|
| 650 |
|
4 |
|a ΘΝΗΣΙΜΟΤΗΤΑ
|
| 650 |
|
4 |
|a ΚΟΙΝΩΝΙΚΗ ΕΠΙΠΤΩΣΗ
|
| 650 |
|
4 |
|a ΝΟΣΗΛΕΥΤΙΚΟ ΠΡΟΣΩΠΙΚΟ
|
| 650 |
|
4 |
|a ΟΙΚΟΝΟΜΙΚΗ ΕΠΙΠΤΩΣΗ
|
| 650 |
|
4 |
|a ΠΡΟΛΗΨΗ
|
| 650 |
|
4 |
|a Πτυχιακή εργασία
|
| 650 |
|
4 |
|a ΣΤΕΙΡΟΤΗΤΑ
|
| 650 |
|
4 |
|a ΥΠΟΓΕΝΝΗΤΙΚΟΤΗΤΑ
|
| 650 |
1 |
0 |
|a 1995
|
| 700 |
1 |
|
|a Ανδρικόπουλος, Γεώργιος
|
| 700 |
1 |
|
|a Παπαδημητρίου, Μαρία Γ.
|e επιβλέπουσα καθηγήτρια
|
| 700 |
1 |
|
|a Σχοινά, Σοφία
|
| 700 |
1 |
|
|a Τσάμης, Χρήστος
|
| 710 |
0 |
|
|a Σ.Ε.Υ.Π..
|b Τμήμα Νοσηλευτικής
|
| 856 |
4 |
0 |
|u https://nereus.library.upatras.gr/formerpat/ptyxiakes/seyp/seyp_nos/1990-1995/1294pe.pdf
|
| 942 |
|
|
|2 ddc
|
| 952 |
|
|
|0 0
|1 0
|2 ddc
|4 0
|7 0
|9 285214
|a LISK
|b LISK
|c BSC
|d 2021-01-17
|e 24
|f 0
|g 0.00
|l 0
|p 9241001294
|r 2021-01-17 00:00:00
|t 1
|w 2021-01-17
|y BK15
|x 19991024 0 1
|x GrPaTEI
|
| 971 |
|
|
|a .b26516214
|b 16-04-20
|c 23-09-16
|
| 999 |
|
|
|c 166225
|d 166225
|